[Event "ROM-ch U14"]
[Site "Calimanesti Caciulata"]
[Date "2019.04.17"]
[Round "3"]
[White "Predescu, Ionut Andrei"]
[Black "Iloiu, Liviu Matei"]
[Result "1/2-1/2"]
[WhiteElo "1276"]
[BlackElo "1536"]
[PlyCount "80"]
[EventDate "2019.04.15"]
[EventType "swiss"]
[EventRounds "9"]
[EventCountry "ROU"]
[SourceTitle "CBM 190 Extra"]
[Source "ChessBase"]
[SourceDate "2019.07.15"]
[SourceVersion "1"]
[SourceVersionDate "2019.07.15"]
[SourceQuality "1"]

1. d4 d5 2. Nf3 Bf5 3. c4 e6 4. Nc3 Nf6 5. Bf4 Bd6 6. Bg3 0-0 7. e3 Nc6 8. a3 Re8 9. Ne5 Ne4 10. Nxe4 Bxe5 11. Nd2 Bxg3 12. hxg3 Ne7 13. Be2 Bg6 14. 0-0 Nf5 15. Nf3 Nd6 16. Rc1 c6 17. Ne5 dxc4 18. Nxc4 Nxc4 19. Bxc4 Qd7 20. Re1 Rad8 21. Qd2 e5 22. Rcd1 exd4 23. exd4 h6 24. Rxe8+ Rxe8 25. d5 cxd5 26. Qxd5 Qxd5 27. Rxd5 Re7 28. g4 Be4 29. Rd4 Bc6 30. b4 Rd7 31. Rxd7 Bxd7 32. Bd5 b6 33. f3 Kf8 34. Kf2 Ke7 35. Ke3 f6 36. Kf4 Kd6 37. Ke4 a5 38. Kd4 axb4 39. axb4 f5 40. gxf5 Bxf5 1/2-1/2